| 000 | 00543nam a2200205Ia 4500 | ||
|---|---|---|---|
| 001 | 12701 | ||
| 003 | GE_BSU | ||
| 008 | 181216s||||||||xx |||||||||||||| ||und|| | ||
| 020 | _a978034099664 | ||
| 040 | _cGE_BSU | ||
| 080 | _a821.111-312.4 | ||
| 100 | _aSmith,L.J. | ||
| 245 | _aNight world:Volume three: Huntress,Black dawn,Withlight | ||
| 260 | _aLondon | ||
| 260 | _bAdivision of hachette children's books | ||
| 260 | _c2009 | ||
| 300 | _a596p.20cm. | ||
| 653 | _aNight world:Volume three: Huntress,Black dawn,Withlight | ||
| 942 | _cBK | ||
| 999 |
_c45872 _d45872 |
||